Industrial psychology : Theoretical and social foundations

保存先:
書誌詳細
第一著者: Blum, Milton L.
フォーマット: 図書
言語:Undetermined
出版事項: New York A Harper International 1968
主題:
タグ: タグ追加
タグなし, このレコードへの初めてのタグを付けませんか!
Thư viện lưu trữ: Trung tâm Học liệu Trường Đại học Cần Thơ
LEADER 00522nam a2200181Ia 4500
001 CTU_78921
008 210402s9999 xx 000 0 und d
082 |a 158.7 
082 |b B658 
100 |a Blum, Milton L. 
245 0 |a Industrial psychology : 
245 0 |b Theoretical and social foundations 
245 0 |c Milton L. Blum, James C. Naylor 
260 |a New York 
260 |b A Harper International 
260 |c 1968 
650 |a Psychology, industrial 
980 |a Trung tâm Học liệu Trường Đại học Cần Thơ